MARC details
| 000 -LEADER |
| fixed length control field |
01479nam a2200301#a 4500 |
| 001 - CONTROL NUMBER |
| control field |
01109 |
| 003 - CONTROL NUMBER IDENTIFIER |
| control field |
HDC |
| 007 - PHYSICAL DESCRIPTION FIXED FIELD--GENERAL INFORMATION |
| fixed length control field |
ta |
| 008 - FIXED-LENGTH DATA ELEMENTS--GENERAL INFORMATION |
| fixed length control field |
230623s2008 xx 000 0 eng d |
| 020 ## - INTERNATIONAL STANDARD BOOK NUMBER |
| International Standard Book Number |
9780387752839 (pbk.). |
| 040 ## - CATALOGING SOURCE |
| Original cataloging agency |
HDC |
| 050 ## - LIBRARY OF CONGRESS CALL NUMBER |
| Classification number |
TP 455 |
| Item number |
.F667 2008 |
| 245 #0 - TITLE STATEMENT |
| Title |
Food emulsifiers and their applications / |
| Statement of responsibility, etc. |
Gerard L. Hasenhuettl, Richard W. Hartel, editors. |
| 250 ## - EDITION STATEMENT |
| Edition statement |
2nd ed. |
| 264 ## - PRODUCTION, PUBLICATION, DISTRIBUTION, MANUFACTURE, AND COPYRIGHT NOTICE |
| Place of production, publication, distribution, manufacture |
New York : |
| Name of producer, publisher, distributor, manufacturer |
Springer, |
| Date of production, publication, distribution, manufacture, or copyright notice |
c2008. |
| 300 ## - PHYSICAL DESCRIPTION |
| Extent |
xiv,426p. : |
| Other physical details |
ill. ; |
| Dimensions |
24cm. |
| 500 ## - GENERAL NOTE |
| General note |
Includes bibliographical references and index. |
| 505 ## - FORMATTED CONTENTS NOTE |
| Formatted contents note |
Overview of food emulsifiers -- Synthesis and commercial preparation of food emulsifiers -- Analysis of food emulsifiers -- Emulsifier-carbohydrate interactions -- Protein/emulsifier interactions -- Physiochemical aspects of an emulsifier functionality -- Emulsifiers in dairy products and dairy substitutes -- Emulsifiers in infant nutritional products -- Applications of emulsifiers in baked foods -- Emulsifiers in confectionery -- Margarines and spreads -- Application of emulsifiers to reduce fat and enhance nutritional quality -- Guidelines for processing emulsion-based foods -- Forecasting the future of food emulsifiers. |
| 650 ## - SUBJECT ADDED ENTRY--TOPICAL TERM |
| Topical term or geographic name entry element |
Dispersing agents. |
| 650 ## - SUBJECT ADDED ENTRY--TOPICAL TERM |
| Topical term or geographic name entry element |
Food additives. |
| 700 ## - ADDED ENTRY--PERSONAL NAME |
| Personal name |
Hartel, Richard W., |
| Dates associated with a name |
1951- |
| 700 ## - ADDED ENTRY--PERSONAL NAME |
| Personal name |
Hartel, Richard W., |
| Dates associated with a name |
1951- |
| 700 ## - ADDED ENTRY--PERSONAL NAME |
| Personal name |
Hasenhuettl, Gerard L., |
| Dates associated with a name |
1944- |
| 942 ## - ADDED ENTRY ELEMENTS (KOHA) |
| Source of classification or shelving scheme |
Library of Congress Classification |
| 942 ## - ADDED ENTRY ELEMENTS (KOHA) |
| Koha item type |
Book |
| 942 ## - ADDED ENTRY ELEMENTS (KOHA) |
| Call number prefix |
TP 455 |
| 942 ## - ADDED ENTRY ELEMENTS (KOHA) |
| Call number suffix |
.F667 2008 |